000 01181nam a22002417a 4500
999 _c27740
_d27740
003 BDDh-ASL
005 20231016062618.0
008 200919s2001 b ||||| b||| 001 0 b d
040 _aBDDh-ASL
_cBDDh-ASL
_dBDDh-ASL
041 _abengali
082 _a923.2
_bHOM
100 1 _95912
_aহোসেন, তাজুল
_cডা.
245 1 _aএম. এন. রায়ের ওডেসী:
_b৫. মার্কসীয় মতে প্রথম ভারতীয় ইতিহাস বিশ্লেষণ /
246 _aMarxiyo Mote Prothom Bharatiyo Itihas Bisleson
260 _aঢাকা:
_bমানবতাবাদী প্রকাশন,
_c২০০১।
300 _a১৭৬ পৃষ্ঠা:
_c২২ সে. মি.।
440 _95915
_aবিংশ শতাব্দীর স্বাধীনতা সংগ্রাম সিরিজ
_n - ৫
650 0 _aPolitics (রাজনীতি)
_95777
650 0 _abiographical dictionary - চরিতাভিধান
_94665
650 0 _aHistory (ইতিহাস)
_94586
650 0 _aPolitical Leader (রাজনৈতিক নেতা)
_95905
942 _2ddc
_cBK